000 00731nam a2200193 a 4500
008 120416s1998 ||||||||||||||||| || u
020 _a0750638273
050 _aTL 250 Nun
100 _aNunney, M. J
245 1 0 _aLight and heavy vehicle technology
250 _a3rd ed.
260 _aOxford
_bButterworth-Heinemann
_c1998
300 _axi, 654p. : ill.
350 _a0.00
650 _aMOTOR VEHICLES--DESIGN AND CONSTRUCTION
856 _uhttp://www.loc.gov/catdir/description/els033/98232660.html
856 _uhttp://www.loc.gov/catdir/toc/els033/98232660.html
995 _D0.00
_FCBU-MAIN LIBRARY (Kitwe)
_H1
_I26.00
_M1
_UAVAILABLE
_ZAnnex Low-Usage Collection
999 _c49264
_d49264